The Treasures of the Valley of the Kings : tombs and temples of the Theban West Bank in Luxor /

From the austere beauty of the tombs in the Valleys of the Kings and Queens, the measured geometry of Queen Hatshepsut's funerary temple of Deir el-Bahari, and the regal colonnades of the Ramesseum to the always edifying and sometimes witty depiction of daily life in the private necropolises, t...

وصف كامل

محفوظ في:

مؤلفون آخرون: Weeks, Kent R (المحرر), De Luca, Araldo (المصور)

التنسيق: كتاب

اللغة: English

منشور في: Cairo : American University in Cairo Press, 2001.

الموضوعات:

الوسوم: إضافة وسم

لا توجد وسوم, كن أول من يضع وسما على هذه التسجيلة!

رقم الطلب: ( F )DT73 .B44 T74 2001

LEADER 01502cam a2200325 i 4500
001 ocm49597426
003 OSt
005 20240211133440.0
008 011221s2001 ua a 000 0 eng c
999 |c 56700  |d 56700 
020 |a 9774246667 
020 |a 9789774246661 
035 |a (OCoLC)49597426 
040 |c ARCE Library 
042 |a pcc 
043 |a f-ua--- 
050 4 |a ( F )DT73 .B44 T74 2001 
100 1 |a Weeks, Kent R,  |e editor 
245 0 4 |a The Treasures of the Valley of the Kings :   |b tombs and temples of the Theban West Bank in Luxor /   |c edited by Kent R. Weeks ; photographs by Araldo De Luca. 
264 1 |a Cairo :  |b American University in Cairo Press,  |c 2001. 
264 4 |c ©2001. 
300 |a 434 pages :  |b color illustrations ;  |c 36 cm. 
520 |a From the austere beauty of the tombs in the Valleys of the Kings and Queens, the measured geometry of Queen Hatshepsut's funerary temple of Deir el-Bahari, and the regal colonnades of the Ramesseum to the always edifying and sometimes witty depiction of daily life in the private necropolises, the art and architecture of the Theban West Bank presents us with the panorama of Egyptian life in the glorious New Kingdom 3,500 years ago. 
650 0 |a Excavations (Archaeology)  |z Egypt  |z Valley of the Kings. 
650 0 |a Tombs  |z Egypt  |z Valley of the Kings. 
651 0 |a Valley of the Kings (Egypt) 
651 0 |a Thebes (Egypt : Extinct city) 
700 1 |a De Luca, Araldo,  |e photographer 
901 |a reviewed 
942 |2 lcc  |c BK